Louisiana Purchase States (with a map) - Statistics

General Stats
  • This quiz has been taken 415 times
  • The average score is 14 of 15
Answers on the Map
Answers color-coded by a green-red scale on the quiz's map according to % correct below.
 
Answer Stats
State % Correct
Texas
99%
Louisiana
95%
South Dakota
94%
New Mexico
93%
North Dakota
93%
Oklahoma
92%
Colorado
91%
Kansas
91%
Montana
91%
Arkansas
90%
Iowa
89%
Missouri
89%
Minnesota
87%
Nebraska
87%
Wyoming
85%
No matching quizzes found
Score Distribution
Percent of People with Each Score
Percentile by Number Answered
Your Score History
You have not taken this quiz